| 000 | 01184pam a2200325 a 4500 | ||
|---|---|---|---|
| 005 | 20260322212046.0 | ||
| 008 | data | ||
| 010 | _a 92020762 | ||
| 020 |
_a0553089447 (HC) : _c{dollar}25.00 ({dollar}29.50 Can.) |
||
| 020 | _a0553093665 (Limited ed.) | ||
| 020 |
_a9780553089448 (HC) : _c{dollar}25.00 ({dollar}29.50 Can.) |
||
| 020 | _a9780553093667 (Limited ed.) | ||
| 040 |
_aDLC _cDLC _dCtY _dCtY |
||
| 043 | _an-us--- | ||
| 050 | 0 | 0 |
_aE840.5.S39 _bA3 1992 |
| 099 | _aSCHWH | ||
| 100 | 1 |
_aSchwarzkopf, H. Norman, _d1934- |
|
| 245 | 1 | 0 |
_aIt doesn't take a hero : _bGeneral H. Norman Schwarzkopf, the autobiography / _cwritten with Peter Petre. |
| 260 |
_aNew York : _bBantam Books, _c1992. |
||
| 300 |
_axii, 530 p., [32] p. of plates : _bill., maps ; _c25 cm. |
||
| 500 | _a"Linda Grey Bantam Books." | ||
| 504 | _aIncludes bibliographical references (p. 507) and index. | ||
| 590 | _a"Linda Grey Bantam Books." | ||
| 590 | _aIncludes bibliographical references (p. 507) and index. | ||
| 600 | 1 | 0 |
_aSchwarzkopf, H. Norman, _d1934- |
| 610 | 1 | 0 |
_aUnited States. _bArmy _vBiography. |
| 650 | 0 |
_aGenerals _zUnited States _vBiography. |
|
| 700 | 1 | _aPetre, Peter. | |
| 001 | data | ||
| 999 |
_c1086 _d1086 |
||